| 000 | 00386nam a2200109Ia 4500 | ||
|---|---|---|---|
| 008 | 171204s9999 xx 000 0 und d | ||
| 245 | _aTourism Destination Evolution: | ||
| 245 | _cAlison Gill, Patrick Brouder, and Salvador Anton Clavé | ||
| 260 | _c2016 | ||
| 650 | _xEntrepreneurship and Feasibility Study for Tourism Industry | ||
| 856 | _uhttp://down.ebook777.com/044/1472453999.pdf | ||
| 999 |
_c346667 _d346667 |
||